Competencias educativas, profesionales y laborales : un enfoque para el seguimiento de egresados en instituciones de nivel superior /

I tiakina i:
Ngā taipitopito rārangi puna kōrero
Ngā kaituhi rangatōpū: Seminario Nacional de Investigadores de la FIMPES ( Universidad IUEM), Federación de Instituciones Mexicanas Particulares de Educación Superior
Hōputu: Mauhanga Hui Pukapuka
Reo:Pāniora
I whakaputaina: México : Federación de Instituciones Mexicanas Particulares de Educación Superior, 2007, c2007
Ngā marau:
Ngā Tūtohu: Tāpirihia he Tūtohu
Kāore He Tūtohu, Me noho koe te mea tuatahi ki te tūtohu i tēnei pūkete!

MARC

LEADER 00000nam^a2200000^a^4500
001 000263058
005 20250623000000.0
009 20260310110602.998
020 |a 970-773-298-9 
025 |a Donación sin dato, 1 ejemplar 
037 |a Acervo ITESO - Biblioteca 
041 |a ESP 
082 |a 378. 72  |b FIMPES 2006 
111 |a Seminario Nacional de Investigadores de la FIMPES (  |n 1º :  |d 2006 :  |c Universidad IUEM) 
245 1 0 |a Competencias educativas, profesionales y laborales :  |b un enfoque para el seguimiento de egresados en instituciones de nivel superior /  |c Pról. de Fernando Rafael Lamela Paredes. 
264 4 |a México :  |b Federación de Instituciones Mexicanas Particulares de Educación Superior,  |c 2007, c2007 
300 |a 327 p. 
336 |a texto  |b txt  |2 rdacontenido 
337 |a sin mediación  |b n  |2 rdamedio 
338 |a volumen  |b nc  |2 rdasoporte 
649 |a XX 
650 |a Calidad de la Educación -  |z México 
650 |a Desarrollo Profesional -  |z México 
650 |a Aptitud Profesional -  |z México -  |x Tema Principal 
650 |a Experiencia Profesional -  |z México 
650 |a Competencias (Educación) -  |z México -  |x Tema Principal 
650 |a Evaluación Educativa -  |z México 
650 |a Proceso Educativo -  |z México 
650 |a Empleo y Desempleo -  |z México 
650 |a Educación y Trabajo -  |z México 
650 |a Sector Productivo y Educación -  |z México 
650 |a Globalización -  |z México 
650 |a Política Científica y Tecnológica -  |z México 
650 |a Política Educativa -  |z México 
650 |a Educación y Sociedad -  |z México 
650 |a Educación Superior -  |z México -  |x Congresos 
710 |a Federación de Instituciones Mexicanas Particulares de Educación Superior 
910 |a Fondo General 
920 |a Impresos - Libros 
930 |a Colección General 
905 |a 101 
901 |a 0500143911  |b IT1  |c ACC  |i D  |u 20250521 
901 |a 0500156936  |b IT1  |c ACC  |d DT  |i D  |u 20250623 
902 |a https://opac.biblio.iteso.mx/vufind/Record/000263058